Shorter and sweeter (Record no. 84202)

MARC details
000 -LEADER
fixed length control field 01151cab a22002175a 4500
001 - CONTROL NUMBER
control field L156919
008 - FIXED-LENGTH DATA ELEMENTS--GENERAL INFORMATION
fixed length control field 120730e20120721xxk 000 0 eng d
035 ## - SYSTEM CONTROL NUMBER
System control number (Sirsi) u156919
041 0# - LANGUAGE CODE
Language code of text/sound track or separate title eng
100 1# - MAIN ENTRY--PERSONAL NAME
Personal name Kerr, D.
245 00 - TITLE STATEMENT
Title Shorter and sweeter
260 ## - PUBLICATION, DISTRIBUTION, ETC.
Date of publication, distribution, etc. 2012
490 ## - SERIES STATEMENT
Series statement Estates Gazette
Volume/sequential designation (1229) 21 July 2012, 82(1)
520 ## - SUMMARY, ETC.
Summary, etc. Explains that tenants are now looking for shorter leases with the average lease length now being recorded as 4.8 years according to the BPF/IPD Annual Lease Review. As supply continues to exceed demand in the UK leasing sector many tenants are also demanding other concessions such as generous landlord contributions to minimise fit out costs and long rent free periods. Recommends that one way for landlords to demonstrate flexibility is to treat prospective tenants as part of a team by listening to their requirements and being willing to accept occupancy arrangements which are much less landlord-biased than traditional leases.
590 ## - LOCAL NOTE (RLIN)
Local note KA
651 #4 - SUBJECT ADDED ENTRY--GEOGRAPHIC NAME
Geographic name United Kingdom
690 ## - LOCAL SUBJECT ADDED ENTRY--TOPICAL TERM (OCLC, RLIN)
Topical term or geographic name as entry element Landlord and tenant
9 (RLIN) 6252
690 ## - LOCAL SUBJECT ADDED ENTRY--TOPICAL TERM (OCLC, RLIN)
Topical term or geographic name as entry element Property management
9 (RLIN) 6262
700 1# - ADDED ENTRY--PERSONAL NAME
Personal name Wernham, A.
942 ## - ADDED ENTRY ELEMENTS (KOHA)
Suppress in OPAC 0
Holdings
Withdrawn status Lost status Source of classification or shelving scheme Damaged status Not for loan Home library Current library Shelving location Date acquired Total Checkouts Full call number Barcode Date last seen Copy number Price effective from Koha item type
    Dewey Decimal Classification     London London Journal article 30/07/2012   L156919 156919-1001 06/08/2019 1 06/08/2019 Journal article